| 000 | 00535nam a22001817a 4500 | ||
|---|---|---|---|
| 003 | BDDh-ASL | ||
| 005 | 20231015031021.0 | ||
| 008 | 220921n pk ||||| |||| 00| 0 urd d | ||
| 040 |
_aBDDh-ASL _cBDDh-ASL |
||
| 041 | _aurd | ||
| 082 |
_a297.61 _bABK |
||
| 100 | 1 |
_94986 _aAbbasi, Mahmud Ahmad |
|
| 245 | 1 | 0 | _aKhilafat-e Muavia Wa Yazid : / خلافت معاویہ و یزید |
| 260 |
_aKarachi : _bWriter himself , |
||
| 300 |
_a376 p. : _c18 cm. |
||
| 650 | 0 |
_94819 _aCaliphate _xIslam _xKhilafat _xHistory |
|
| 942 |
_2ddc _cBK |
||
| 999 |
_c29295 _d29295 |
||